000 00491nam a2200157Ia 4500
008 220216s9999 xx 000 0 und d
100 _aCastro P R C
_cet al
245 0 _aComparative growth analysis of Hevea brasiliensis Muell. Arg. scion and rootstock in the nursery
260 _bAnais da Escola Superior de Agricultura Luiz de Queiroz
_c1990
300 _a29-45
500 _aSource Year: 1993
650 _aHevea brasiliensis
650 _aRootstock
856 _uHOA
942 _cJS
999 _c55934
_d55934